书目信息 |
| 题名: |
城市空间集中与分散论
|
|
| 作者: | 朱喜钢 著 | |
| 分册: | ||
| 出版信息: | 北京 中国建筑工业出版社 2002.08 |
|
| 页数: | 232页 | |
| 开本: | 26cm | |
| 丛书名: | ||
| 单 册: | ||
| 中图分类: | TU984.11 | |
| 科图分类: | ||
| 主题词: | 城市规划 | |
| 电子资源: | ||
| ISBN: | 7-112-05070-7 | |
| 000 | 00564nam0 2200193 45 | |
| 001 | 0259368226 | |
| 005 | 2002102116292822 | |
| 010 | @a7-112-05070-7@dRMB 31.00 | |
| 100 | @a20021021d2002 km y0chiy0120 ea | |
| 101 | 0 | @achi |
| 102 | @aCN@b110000 | |
| 200 | 1 | @a城市空间集中与分散论@Acheng shi kong jian ji zhong yu fen san lun@f朱喜钢著@FZhu Xi Gang Zhu |
| 210 | @a北京@c中国建筑工业出版社@d2002.08 | |
| 215 | @a232页@d26cm | |
| 606 | 0 | @a城市规划 |
| 690 | @aTU984.11@v3 | |
| 701 | 0 | @a朱喜钢@AZhu Xi Gang@4著 |
| 801 | 0 | @aCN@bPFT@c20021021 |
| 905 | @dTU984.11@eZ881 | |
| 城市空间集中与分散论/朱喜钢著.-北京:中国建筑工业出版社,2002.08 |
| 232页;26cm |
| ISBN 7-112-05070-7:RMB 31.00 |
| ● |
| 相关链接 |
|
|
|
正题名:城市空间集中与分散论
索取号:TU984.11/Z881
 
预约/预借
| 序号 | 登录号 | 条形码 | 馆藏地/架位号 | 状态 | 备注 |
| 1 | 369689 | 203696893 | 建筑库201/201建筑库 62排7列4层/ [索取号:TU984.11/Z881] | 在馆 | |
| 2 | 369690 | 203696900 | 建筑库201/201建筑库 62排7列4层/ [索取号:TU984.11/Z881] | 在馆 | |
| 3 | 369691 | 203696919 | 建筑库201/201建筑库 62排7列4层/ [索取号:TU984.11/Z881] | 在馆 |